00844nam a2200265 i 4500001001000000003000900010005001700019007000300036008004100039020001800080040003000098041000800128082002100136100005000157245008500207250002200292264005400314300002800368336002700396337003300423338002800456650002200484650002700506700004500533000004022DO-SdBNP20260513141523.0ta090716s2008    dr      r     000 f spa d  a9789945120714  aDO-SdBNPbspacBNPHUerda  aspa 4a863.5bC112c222  aCabanes Vicedo, Santiago,d1931-eautor4aut.10aCaminos de amistad /cSantiago Cabanes Vicedo ; prólogo, Héctor Rodríguez.  aprimera edición 4aSanto Domingo :beditor no identificado,c©2008.  a358 páginas ;c22 cm.  atextobtxt2rdacontent  asin mediaciónbn2rdamedia  avolumenbnc2rdacarrier 4aNovela española 4aLiteratura dominicana.1 aRodríguez, Héctor,eprologuista4pr.